Spanish Nouns: Body Parts - Statistics

General Stats
  • This quiz has been taken 280 times
    41 since last reset
  • The average score is 41 of 64
Answer Stats
Español English % Correct
Ojo Eye
100%
Brazo Arm
94%
Espalda Back
94%
Pie Foot
94%
Cabello/Pelo Hair
94%
Boca Mouth
94%
Dientes Teeth
94%
Lengua Tongue
94%
Oído/Oreja Ear
89%
Rostro/Cara Face
89%
Dedos Fingers
89%
Cabeza Head
89%
Pierna Leg
89%
Nariz Nose
89%
Palma Palm
89%
Manos Hands
83%
Corazón Heart
83%
Cuello Neck
83%
Hombro Shoulder
83%
Estómago Stomach
83%
Dedos de los pies Toes
83%
Barba (males) Beard
78%
Sangre Blood
78%
Pecho Chest
78%
Mentón/Barbilla Chin
78%
Uña de la mano Fingernail
78%
Rodilla Knee
78%
Labios Lips
78%
Músculo Muscle
78%
Uña del pie Toenail
78%
Cuerpo Body
72%
Mejilla Cheek
72%
Piel Skin
72%
Vientre/Barriga/Panza Belly
67%
Cerebro/Seso Brain
67%
Culo/Nalgas Butt
67%
Codo Elbow
67%
Frente (also front) Forehead
67%
Torso Torso
67%
Pestañas/Pestañas de los ojos Eyelashes
61%
Caderas Hips
61%
Uñas Nails
61%
Hueso Bone
56%
Cejas Eyebrows
56%
Talón Heel
56%
Garganta Throat
56%
Pulgar Thumb
56%
Cintura Waist
56%
Muñeca Wrist
56%
Tobillos Ankles
39%
Mostacho/Bigote (males) Moustache
39%
Muslo Thigh
39%
Axila Armpit
33%
Ombligo (also belly button) Navel
33%
Canilla/Espinilla Shin
33%
Punta del dedo Fingertip
22%
Nudillos Knuckles
17%
Puño Fist
11%
Perilla/Barba de chivo Goatee
11%
Extremidades Limbs
11%
Hoyuelo/Hoyito Dimple
6%
Patillas (also pins, whiskers) Sideburns
6%
Anca Haunch
0%
Cuadril Rump
0%
No matching quizzes found
Score Distribution
Percent of People with Each Score
Percentile by Number Answered
Your Score History
You have not taken this quiz since the last reset